Detalles MARC
| 000 -CABECERA |
| campo de control de longitud fija |
01574nam a2200205 a 4500 |
| 001 - NÚMERO DE CONTROL |
| campo de control |
000047351 |
| 005 - FECHA Y HORA DE LA ÚLTIMA TRANSACCIÓN |
| campo de control |
20201002060509.0 |
| 008 - DATOS DE LONGITUD FIJA--INFORMACIÓN GENERAL |
| campo de control de longitud fija |
180507s2017 dr ac 001 0 spa d |
| 040 ## - FUENTE DE LA CATALOGACIÓN |
| Centro catalogador/agencia de origen |
DO-SdBNP |
| Lengua de catalogación |
spa |
| Centro/agencia transcriptor |
BNPHU |
| 082 ## - NÚMERO DE LA CLASIFICACIÓN DECIMAL DEWEY |
| Número de clasificación |
xxxx |
| Número de documento/Ítem |
M475i |
| 100 1# - ENTRADA PRINCIPAL--NOMBRE DE PERSONA |
| Nombre de persona |
Maza Miquel, Manuel Pablo, |
| Fechas asociadas al nombre |
1945- |
| 9 (RLIN) |
10881 |
| 245 10 - MENCIÓN DE TÍTULO |
| Título |
Introducción a la historia de la iglesia : |
| Resto del título |
edades modernas y contemporánea / |
| Mención de responsabilidad, etc. |
Manuel Pablo Maza Miquel ; revisión Monseñor José Grullón ; diagramación Jesús Pérez. |
| 260 ## - PUBLICACIÓN, DISTRIBUCIÓN, ETC. |
| Lugar de publicación, distribución, etc. |
Santo Domingo : |
| Nombre del editor, distribuidor, etc. |
Instituto Nacional de Pastoral, |
| -- |
Amigo del Hogar, |
| Fecha de publicación, distribución, etc. |
2017. |
| 300 ## - DESCRIPCIÓN FÍSICA |
| Extensión |
238 p. : |
| Otras características físicas |
il., retrs. ; |
| Dimensiones |
22 cm. |
| 504 ## - NOTA DE BIBLIOGRAFÍA, ETC. |
| Nota de bibliografía, etc. |
Bibliografía : p. 236-238 |
| 505 0# - NOTA DE CONTENIDO CON FORMATO |
| Nota de contenido con formato |
Introducción general -- |
| Título |
La reforma protestante -- |
| -- |
La revolución científica -- |
| -- |
La iglesia enfrenta el desafío de la ilustración -- |
| -- |
La iglesia, La revolución francesa y Napoleón -- |
| -- |
Tratado de atrasar las manecillas de la historia. La iglesia desde León XII (1823-1829) al Pontificado de Pio IX -- |
| -- |
Pio IX y su época 1846-1978 -- |
| -- |
La iglesia ante la cuestión social. ¿por qué se llegó tarde? -- |
| -- |
Pío X y su época, 1903-1914. Benedicto XV (1914-1922). Mensajero de la paz ante una Europa sorda -- |
| -- |
Pío XI (1922-1939): El fin de la cuestión Romana. Inicia la acción católica y enfrentó los totalitarismos -- |
| -- |
Pío XII (1939-1958): Cerró algunas puertas y abrió muchas -- |
| -- |
Juan XXIII: El papa que se dio a querer -- |
| -- |
El concilio vaticano II (1962-1965). |
| 590 ## - NOTA LOCAL (RLIN) |
| Nota local |
Inventariado, 2020 /LP |
| 700 1# - PUNTO DE ACCESO ADICIONAL--NOMBRE DE PERSONA |
| Nombre de persona |
Grullón, José, |
| Término indicativo de función/relación |
rev. |
| 9 (RLIN) |
75008 |
| 700 1# - PUNTO DE ACCESO ADICIONAL--NOMBRE DE PERSONA |
| Nombre de persona |
Pérez, Jesús, |
| Término indicativo de función/relación |
diag. |
| 9 (RLIN) |
75009 |